The GASP IV simulation language (Record no. 35787)

MARC details
000 -LEADER
fixed length control field 00463nam a2200181Ia 4500
020 ## - INTERNATIONAL STANDARD BOOK NUMBER
ISBN 0471700452
050 ## - CALL MARK
Classification number QA 76 .73 .G15 P74/
100 ## - STATEMENT OF RESPONSIBILITY--MAIN AUTHOR NAME
Personal name Pritsker, A. Alan B.
245 #4 - TITLE STATEMENT
Title The GASP IV simulation language
260 ## - PUBLICATION, DISTRIBUTION, ETC. (IMPRINT)
Place of publication New York
260 ## - PUBLICATION, DISTRIBUTION, ETC. (IMPRINT)
Name of publisher A Wiley-Interscience Pub
260 ## - PUBLICATION, DISTRIBUTION, ETC. (IMPRINT)
Year of publication 1974
300 ## - PHYSICAL DESCRIPTION
Number of Pages 451 p
650 ## - SUBJECT ADDED ENTRY--TOPICAL TERM
Topical Term GASP (Computer program language).
942 ## - ADDED ENTRY ELEMENTS (KOHA)
Koha item type Books
Holdings
Withdrawn status Lost status Source of classification or shelving scheme Damaged status Not for loan Permanent Location Current Location Date acquired Accession Number Price effective from Koha item type
    Library of Congress Classification     NILE UNIVERSITY OF NIGERIA - MAIN LIBRARY NILE UNIVERSITY OF NIGERIA - MAIN LIBRARY 04/23/2025 0000326 04/23/2025 Books